| 000 | 00460nam a2200181Ia 4500 | ||
|---|---|---|---|
| 008 | 100917s9999 xx 000 0 und d | ||
| 082 | _b47032 | ||
| 100 | _aPaul Buddee | ||
| 245 | _aThe Escape Of The Fenians | ||
| 260 |
_bLongman _c1972 |
||
| 300 | _a176 | ||
| 365 | _b0 | ||
| 520 | _aबालविभाग | ||
| 630 | _aThe Escape Of The Fenians | ||
| 650 | _aबालविभाग | ||
| 730 | _aThe Escape Of The Fenians | ||
| 942 | _cBOOK | ||
| 999 |
_c652426 _d652423 |
||